Traffic improvement plan using micro simulation and geometric interventions ASE study for nowshera district (Record no. 553744)
[ view plain ]
| 000 -LEADER | |
|---|---|
| fixed length control field | 00478nam a22001457a 4500 |
| 082 ## - DEWEY DECIMAL CLASSIFICATION NUMBER | |
| Classification number | P-731 |
| 100 ## - MAIN ENTRY--PERSONAL NAME | |
| Personal name | Malik, Maj Muhammad Kamran malik |
| 9 (RLIN) | 51010 |
| 245 ## - TITLE STATEMENT | |
| Title | Traffic improvement plan using micro simulation and geometric interventions ASE study for nowshera district |
| Statement of responsibility, etc. | Malik, Maj Muhammad Kamran malik |
| 260 ## - PUBLICATION, DISTRIBUTION, ETC. | |
| Place of publication, distribution, etc. | Risalpur, |
| Name of publisher, distributor, etc. | MCE, |
| Date of publication, distribution, etc. | 2016. |
| 300 ## - PHYSICAL DESCRIPTION | |
| Extent | 42p. |
| Other physical details | ill. |
| 526 ## - STUDY PROGRAM INFORMATION NOTE | |
| Program name | 0 |
| Interest level | 0 |
| Reading level | 0 |
| Title point value | P_731 |
| 526 ## - STUDY PROGRAM INFORMATION NOTE | |
| Program name | 0 |
| Interest level | 0 |
| Reading level | 0 |
| Title point value | P_731 |
| 700 ## - ADDED ENTRY--PERSONAL NAME | |
| Personal name | Lt Col DR Irfan |
| 942 ## - ADDED ENTRY ELEMENTS (KOHA) | |
| Source of classification or shelving scheme | |
| Koha item type | Book |
| Withdrawn status | Lost status | Source of classification or shelving scheme | Damaged status | Not for loan | Permanent Location | Current Location | Date acquired | Total Checkouts | Full call number | Barcode | Date last seen | Date last checked out | Price effective from | Koha item type | Public note |
|---|---|---|---|---|---|---|---|---|---|---|---|---|---|---|---|
| Military College of Engineering (MCE) | Military College of Engineering (MCE) | 12/27/2016 | 1 | P-731 | MCE-P-731 | 12/12/2019 | 10/21/2019 | 03/14/2021 | Book | Project | |||||
| Military College of Engineering (MCE) | Military College of Engineering (MCE) | 12/27/2016 | P-731 | MCE-P-732 | 12/27/2016 | 12/27/2016 | Book | Project |
